000 00589nam a22002057a 4500
001 6744
003 FISKH
005 20250523141933.0
008 250523b cb ||||| |||| 00| 0 eng d
020 _a9782013221993
040 _aFISKH
_bFrench
_cFISKH
_dFISKH
100 _aMissionnier, Catherine
245 _aLe lion magicien /
_cBy Catherine Missionnier
260 _aParis :
_bHachette jeunesse ,
_c2003.
300 _a120 pages :
_billustrations ;
_c18 cm .
520 _aLittérature jeunesse .
700 _aMallart, Bruno
_eIllustrator
942 _2ddc
_cBK
_n0
999 _c6744
_d6744